000 00559nam a2200217Ia 4500
003 OSt
005 20221007082422.0
006 a|||||r|||| 00| 0
007 ta
008 221006b |||||||| |||| 00| 0 eng d
024 _a21,055
037 _cTextual
040 _aFLL
_cFLL
_beng
041 _2eng
_aeng
082 _aY:45:62.2.N7, L9
100 _aSingh Indraj
_9699074
245 0 _aIndian prison
_b a sociological enquiry
260 _c1979
942 _hY:45:62.2.N7, L9
_cTEXL
_2CC
999 _c1166354
_d1166354